Tìm hiểu pháp luật về giám sát của nhân dân đối với cơ quan hành chính nhà nước hiện nay /

Đã lưu trong:
書目詳細資料
主要作者: Nguyễn Thị Hạnh
格式: Bài viết
語言:Vietnamese
主題:
標簽: 添加標簽
沒有標簽, 成為第一個標記此記錄!
Thư viện lưu trữ: Thư viện Trường Đại học Đà Lạt
LEADER 00877nam a2200277 4500
001 DLU140164218
005 ##20140918
040 # # |a DLU  |b vie 
041 # # |a vie 
044 # # |a vn 
100 # # |a Nguyễn Thị Hạnh 
245 # # |a Tìm hiểu pháp luật về giám sát của nhân dân đối với cơ quan hành chính nhà nước hiện nay /  |c Nguyễn Thị Hạnh 
653 # # |a Cơ quan hành chính sự nghiệp 
653 # # |a Giám sát 
653 # # |a Nhân dân 
653 # # |a Pháp luật 
773 # # |t Tạp chí Khoa học Xã hội Việt Nam  |g Số 3(64), 2013, tr. 52-59 
920 # # |a Phòng Tạp chí -- Trung tâm Thông tin - Thư viện Trường Đại học Đà Lạt 
994 # # |a DLU 
900 # # |a True 
911 # # |a Nguyễn Thị Tưởng 
925 # # |a G 
926 # # |a A 
927 # # |a BB 
980 # # |a Thư viện Trường Đại học Đà Lạt